LEADER 01316nam a2200301 u 4500 001 000000116008 003 CaOOAMICUS 005 20090605102459.0 008 090605s2007 it u000 u ita r 020 $z978-88-459-1605-2* 040 $aPUL$bita$dLDB 041 1 $aita$hdut 100 1 $aHillesum, Etty,$d1914-1943.$0(OLS)http://pul/name/72019 240 10$aBrieven 1942-1943.$lItaliano.$0(OLS)http://pul/title/145779 245 10$aLettere 1942-1943 /$cEtty Hillesum ; a cura di Chiara Passanti ; prefazione di Jan G. Gaarlandt. 250 $a6. ed. 260 $aMilano :$bAdelphi,$c2007. 300 $a149 p. ;$c20 cm 490 1 $aGli Adelphi ;$v185 700 1 $aPassanti, Chiara.$0(OLS)http://pul/name/72020 700 1 $aHillesum, Etty,$d1914-1943.$tLettere.$0(OLS)http://pul/nameTitle/947$0(OLS)http://pul/name/72019$0(OLS)http://pul/title/23909 830 4$aGli Adelphi ;$v185.$0(OLS)http://pul/title/101049 850 $aPUL 852 $aPUL$W1$xSL Cons. Gen., Altre Classi 3$y75$m836 HILET 1$j132919$qDDC 21$B131920$CPULBib$Z2$F131920 $H110751 $82 941 1 $a9 996 $6020$z978-88-459-1605-2*$9(OLS)http://pul/number/140986 996 $6245$aLettere 1942-1943$9(OLS)http://pul/title/145778 996 $6260$aMilano :$bAdelphi$9(OLS)http://pul/publisher/51018 LEADER 01349nam a2200349 a 4500 001 000000042186 003 CaOOAMICUS 005 20190430120627.0 008 990223s1978 it u000 u ita u 032 $aLibriCat 035 $a10815118 040 $aPUL(R)$bita 041 1 $aita$hger 100 1 $aGollwitzer, Helmut,$d1908-1993.$0(OLS)http://pul/name/57977 240 10$aKapitalistische revolution.$lItaliano.$0(OLS)http://pul/title/56906 245 13$aLa rivoluzione capitalista /$cHelmut Gollwitzer ; editoriale e traduzione dal tedesco di Aldo Comba. 260 $aBrescia :$bQueriniana,$c1978. 300 $a115 p. ;$c20 cm 490 1 $aGiornale di teologia ;$v108 504 $aBibliografia a pič pagina. 650 4$aRivoluzione.$0(OLS)http://pul/subject/18829 650 4$aCapitalismo.$0(OLS)http://pul/subject/7257 700 1 $aComba, Aldo,$d1924-2024.$0(OLS)http://pul/name/12677 830 0$aGiornale di teologia ;$v108.$0(OLS)http://pul/title/9027 850 $aPUL 852 $aPUL$W1$xSL Religione 3$y85$m200 GDT 1.108$j57067$nBK-PRI$qDDC 21$B57067$CPULBib$Z2$F57067 $82 941 1 $a9 961 $aINV: 44858 983 0$aGdT. 996 $6245$aLa rivoluzione capitalista$9(OLS)http://pul/title/56907 996 $6260$aBrescia :$bQueriniana$9(OLS)http://pul/publisher/47906